00659nam a2200193Ia 4500008004100000020001800041082001900059100003900078245005800117250000800175260004200183300002400225500001900249600002700268650001500295942000700310952013300317999001500450240925s9999 xx 000 0 und d a9788131720929 a621.380413 SKL aSklar, Bernard ; Ray Pabitra Kumar 0aDigital Communications: fundamentals and applications a2nd aSingapore:bPearson educationc,2009. a528p.bNAfOriginal aIncludes Index aEngineering Technology aTechnology cBK 001040708ETaUITUbUITUd2004-09-22eFair Book Centerg1500.00l0o621.380413 SKLpQ5806r2024-09-25 07:13:58w2024-09-25yBK c8305d8305